000 00881nam a22002537a 4500
005 20170124110201.0
010 _aB-060112
020 _a8176030201
_c100.00
035 _aB-060112
037 _bCen Lib/Ret
040 _aDPL
_bEN
082 _a001.4225
_bPUR
100 _aPuri, Manish
_936030
245 _aData interpretaation for all competitive exams :
_cby Manish Puri, P. Julka [and] S Bhasin
_bcontaining study material and 1700 objective type expected questions /
250 _a3rd ed
260 _aNew Delhi
_bIIMS Publications
_c1999
270 _a6/18, jangpura extention, near masjid road
_bNew Delhi
_e110014
300 _a214p.
_c25cm(Hb)
650 _aComputer science
_988946
650 _aData interpretation
_xExercises etc.
_936032
700 _aJulka, P
_936033
700 _aBhasin, S.
_936034
942 _2ddc
_cEN
_h001.4225
_mPUR
999 _c132882
_d132882